export_success — 

Contemporary thinking, topics and trends in international branding, part 1

Bibliographic Details
Corporate Author: ProQuest (Firm)
Other Authors: Melewar, T. C., Small, Joseann.
Format: Electronic eBook
Language:English
Published: Bradford : Emerald Group Press, c2007.
Series:International Marketing Review ; 24, no. 3
Subjects:
Online Access:Click to View
LEADER 01222nam a2200325Ia 4500
001 EBC306211
003 MiAaPQ
005 20200520144314.0
006 m o d |
007 cr cn|||||||||
008 070112s2007 enk s 000 0 eng d
020 |z 9781846634987 
035 |a (MiAaPQ)EBC306211 
035 |a (Au-PeEL)EBL306211 
035 |a (CaPaEBR)ebr10185532 
035 |a (OCoLC)648296877 
040 |a MiAaPQ  |c MiAaPQ  |d MiAaPQ 
050 4 |a HF5415.1255  |b .C66 2007 
245 0 0 |a Contemporary thinking, topics and trends in international branding, part 1  |h [electronic resource] /  |c guest editors T.C. Melewar and Joseann Small. 
260 |a Bradford :  |b Emerald Group Press,  |c c2007. 
300 |a 130 p. 
490 0 |a International Marketing Review ;  |v 24, no. 3 
533 |a Electronic reproduction. Ann Arbor, MI : ProQuest, 2015. Available via World Wide Web. Access may be limited to ProQuest affiliated libraries. 
650 0 |a Export marketing. 
650 0 |a Branding (Marketing) 
655 4 |a Electronic books. 
700 1 |a Melewar, T. C. 
700 1 |a Small, Joseann. 
710 2 |a ProQuest (Firm) 
856 4 0 |u https://ebookcentral.proquest.com/lib/matrademy/detail.action?docID=306211  |z Click to View